| 000 | 01267nam a2200277Ia 4500 | ||
|---|---|---|---|
| 999 |
_c5518 _d5518 |
||
| 003 | OSt | ||
| 005 | 20200616201130.0 | ||
| 008 | 191128t1984 ck ad gr 000 0dspa d | ||
| 020 | _a9589003060 | ||
| 040 |
_aCO-JMCR _cCO-JMCR |
||
| 041 | 0 | _aspa | |
| 082 | 0 | 4 |
_a330.126 / _bT736i _223 |
| 100 | 1 |
_aTovar Zambrano, Bernardo, _eautor _95654 |
|
| 245 | 1 | 3 |
_aLa intervención económica del estado en Colombia : _b1914-1936 / _cBernardo Tovar Zambrano |
| 260 |
_aBogotá : _bFondo de Promoción de la Cultura del Banco Popular, _c1984. |
||
| 300 |
_a247 páginas : _bgráficos a blanco y negro 1 mapa ; _c24 cm. |
||
| 490 | 0 | _aBiblioteca Banco Popular. Textos universitarios | |
| 500 | _aIncluye índice de gráficos y mapa. | ||
| 504 | _aBibliografía: páginas 235-239. | ||
| 505 | 0 | _aEl Estado y los Esbozos de la modernización capitalista del país -- Breve retrospectiva de la intervención económica del Estado -- La economía nacional y la crisis de la primera guerra mundial -- Características y situación del Estado durante la crisis | |
| 650 | 1 | 4 |
_aHistoria económica _zColombia _95655 |
| 650 | 2 | 4 |
_aFinanzas _zColombia _95656 |
| 650 | 2 | 4 |
_aPolítica fiscal _zColombia _95657 |
| 650 | 2 | 4 |
_aCondiciones económicas _zColombia _95658 |
| 942 |
_2ddc _cBK |
||